<?xml version="1.0" encoding="UTF-8"?>
<record
    xmlns:xsi="http://www.w3.org/2001/XMLSchema-instance"
    xsi:schemaLocation="http://www.loc.gov/MARC21/slim http://www.loc.gov/standards/marcxml/schema/MARC21slim.xsd"
    xmlns="http://www.loc.gov/MARC21/slim">

  <leader>01700    a2200229   4500</leader>
  <controlfield tag="001">54325</controlfield>
  <controlfield tag="005">20260407155815.0</controlfield>
  <controlfield tag="008">260407a1959    arg                 spa d</controlfield>
  <controlfield tag="003">AR-UNSa-BCEJYS</controlfield>
  <datafield tag="040" ind1=" " ind2=" ">
    <subfield code="a">AR-UNSa-BCEJYS</subfield>
    <subfield code="b">spa</subfield>
    <subfield code="c">AR-UNSa-BCEJYS</subfield>
  </datafield>
  <datafield tag="080" ind1=" " ind2=" ">
    <subfield code="a">330</subfield>
    <subfield code="x">Econom&#xED;a en general</subfield>
  </datafield>
  <datafield tag="245" ind1="1" ind2="0">
    <subfield code="a">Econom&#xED;a</subfield>
    <subfield code="p">Principios y problemas</subfield>
  </datafield>
  <datafield tag="264" ind1=" " ind2="1">
    <subfield code="a">Buenos Aires :</subfield>
    <subfield code="b">Bibliogr&#xE1;fica Argentina</subfield>
    <subfield code="c">1959</subfield>
  </datafield>
  <datafield tag="300" ind1=" " ind2=" ">
    <subfield code="a">578 p.</subfield>
    <subfield code="c">23 cm.</subfield>
  </datafield>
  <datafield tag="505" ind1=" " ind2=" ">
    <subfield code="a">1. La naturalleza de la actividad econ&#xF3;mica - 23. Organizaci&#xF3;n econ&#xF3;mica - 3. La econom&#xED;a norteamericana - 4. Poblaci&#xF3;n, recursos y tecnolog&#xED;a - 5. Producci&#xF3;n - 6. el papel del consumidor - 7. La renta naional - 8. Determinaci&#xF3;n de ingresos y empleo:I - 9. Determinaci&#xF3;n de ingresos y empleo:II - 10. El dinero y sus funciones - 11. La provisi&#xF3;n de dinero y el sistema bancario - 12. El dinero, el nivel de precios y el empleo - 13. Inestabilidad econ&#xF3;mica - 14. Pol&#xED;ticas del gobierno para asegurar y mantener la ocupaci&#xF3;n plena - 15. La determinaci&#xF3;n de los precios y la distribuci&#xF3;n de los ingresos - 16. Costos de producci&#xF3;n y oferta - 17. Monopolio y competencia imperfecta - 18. La distribuci&#xF3;n de los ingresos - 19. Desigualdad ecion&#xF3;mica - 20. Finanzas p&#xFA;blicas - 21. El problema obrero - 22. El seguro social y el problema del trabajo personal - 23. El problema del monopolio - 24. Reglamentaci&#xF3;n de los servicios p&#xFA;blicos - 25. La econom&#xED;a de la agricultura - 26. Relaciones econ&#xF3;micas internacionales - 27. Socialismoo, comunismo y capitalismo </subfield>
  </datafield>
  <datafield tag="041" ind1=" " ind2=" ">
    <subfield code="a">spa</subfield>
  </datafield>
  <datafield tag="942" ind1=" " ind2=" ">
    <subfield code="c">BK</subfield>
  </datafield>
  <datafield tag="590" ind1=" " ind2=" ">
    <subfield code="a">niveau_biblio:m niveau_hierar:0</subfield>
  </datafield>
  <datafield tag="100" ind1="1" ind2=" ">
    <subfield code="a">Umbreit, Myron H.</subfield>
  </datafield>
  <datafield tag="700" ind1="1" ind2=" ">
    <subfield code="a">Hunt, Elgin F.</subfield>
  </datafield>
  <datafield tag="700" ind1="1" ind2=" ">
    <subfield code="a">Kinter, Charles V.</subfield>
  </datafield>
  <datafield tag="999" ind1=" " ind2=" ">
    <subfield code="c">5489</subfield>
    <subfield code="d">5489</subfield>
  </datafield>
  <datafield tag="952" ind1=" " ind2=" ">
    <subfield code="0">0</subfield>
    <subfield code="1">0</subfield>
    <subfield code="4">0</subfield>
    <subfield code="7">0</subfield>
    <subfield code="a">BCEJYS</subfield>
    <subfield code="b">BCEJYS</subfield>
    <subfield code="c">16</subfield>
    <subfield code="d">2026-04-07</subfield>
    <subfield code="l">0</subfield>
    <subfield code="o">330 U49</subfield>
    <subfield code="p">L20346</subfield>
    <subfield code="r">2026-04-07 15:58:15</subfield>
    <subfield code="w">2026-04-07</subfield>
    <subfield code="y">L</subfield>
  </datafield>
</record>
